A Portrait of Vietnam.
| Corporate Author: | |
|---|---|
| Format: | Book |
| Published: |
New York:
W.W.Norton,
1996.
|
| Subjects: |
| LEADER | 00403cam a2200157 7i4500 | ||
|---|---|---|---|
| 001 | 0000007167 | ||
| 005 | 19991102090000.0 | ||
| 002 | ##000007734 | ||
| 020 | 0 | 0 | |a 0-393-0348-X |
| 090 | 0 | 0 | |a VIET 910.202 |b DEM |
| 110 | 0 | 0 | |a Dematteis |
| 245 | 0 | 0 | |a A Portrait of Vietnam. |
| 260 | 0 | 0 | |a New York: |b W.W.Norton, |c 1996. |
| 300 | 0 | 0 | |a 128 p.. |
| 650 | 0 | 0 | |a Vietnam |
| 999 | |a 0000009075 |b Book |c Open shelf |e Business Information Centre | ||